| 000 | 01213cam a22002651i 4500 | ||
|---|---|---|---|
| 003 | SA-RiAUC | ||
| 005 | 20250417070304.0 | ||
| 008 | 250408s1958____su g 00010 ara c | ||
| 040 |
_aSA-JeALM _bara _cSA-RiAUC _erda |
||
| 082 | 0 | 4 |
_a241 _qSA-RiAUC |
| 090 |
_a241 _b ت ع ل |
||
| 245 | 0 | 2 |
_aالتعليق الأسنى على منظومة أسماء الله الحسنى / _cجمع عبد الفتاح بن حسين راوه المكي. |
| 264 | 1 |
_aمكة المكرمة : _bالمكتبة العلمية، _c[بين 1900 و1999] |
|
| 300 |
_a22 صفحة ؛ _c20 سم |
||
| 336 |
_aنص _btxt _2rdacontent _3كتاب |
||
| 337 |
_aبدون وسيط _bn _2rdamedia |
||
| 338 |
_aمجلد _bnc _2rdacarrier |
||
| 650 | 7 |
_aالأسماء الحسنى _2aucsh |
|
| 650 | 7 |
_aالأسماء الحسنى _2aucsh |
|
| 700 | 1 |
_aالمكي، عبد الفتاح حسين راوة، _d1334-1424 هجري _eجامع. |
|
| 700 | 1 | 2 |
_aالباركي، محمد المامي بن البخاري بن حبيب الله، _d1206-1282 هجري _tمنظومة أسماء الله الحسنى. |
| 740 | 0 | 2 | _aمنظومة أسماء الله الحسنى. |
| 942 |
_2ddc _cBOOK _n0 |
||
| 949 |
_aSA-JeALM _d250408 _umohamedma123 _n1 |
||
| 999 |
_c7113 _d7113 |
||